000 00325nam a2200121Ia 4500
008 190216s9999||||xx |||||||||||||| ||und||
100 _aCheol S Eun & Bruce G Resnick
245 0 _aInternational Financial Management
260 _bPrentice Hall Of India Pvt Ltd
_c2002
300 _a524p
650 _aCommerce
942 _cBK
999 _c6176
_d6176